| 000 | 00657cam a2200205 a 4500 | ||
|---|---|---|---|
| 020 | _a0070154414 : | ||
| 082 | 0 |
_a624.106 _bDOU |
|
| 100 | 1 |
_aDaugherty, Robert L. _93057 |
|
| 245 | 1 | 0 |
_aFluid mechanics with engineering applications / _cRobert L. Daugherty, Joseph B. Franzini, E. John Finnemore. |
| 250 | _a8th ed. | ||
| 260 |
_aNew York : _bMcGraw-Hill, _cc1985. |
||
| 300 |
_axix, 598 p. : _bill. ; _c24 cm. |
||
| 500 | _aIncludes index. | ||
| 526 |
_a0 _b0 _c0 _d624_106000000000000_DOU |
||
| 650 | 0 |
_aFluid mechanics. _91678 |
|
| 650 | 0 |
_aMCE _9379 |
|
| 700 | 1 |
_aFinnemore, E. John. _920966 |
|
| 700 | 1 |
_aFranzini, Joseph B. _920965 |
|
| 942 |
_2ddc _cBK |
||
| 999 |
_c550954 _d550954 |
||